LEADER 02850nam 22006614a 450 001 9910146113103321 005 20191015214401.0 010 $a1-282-68494-9 010 $a1-78034-611-5 010 $a9786612684944 010 $a1-4443-0367-8 010 $a1-4443-0368-6 035 $a(CKB)1000000000722813 035 $a(EBL)416410 035 $a(SSID)ssj0000151275 035 $a(PQKBManifestationID)11159019 035 $a(PQKBTitleCode)TC0000151275 035 $a(PQKBWorkID)10317333 035 $a(PQKB)11745611 035 $a(MiAaPQ)EBC416410 035 $a(OCoLC)352831640 035 $a(PPN)162359756 035 $a(EXLCZ)991000000000722813 100 $a20080307d2009 uy 0 101 0 $aeng 135 $aur|n|---||||| 181 $2rdacontent 182 $2rdamedia 183 $2rdacarrier 200 00$aEvidence-based emergency medicine$b[electronic resource] /$fedited by Brian H. Rowe ; section editors, Eddy S. Lang ... [ et al.] 210 $aChichester, UK ;$aHoboken, NJ $cWiley-Blackwell/BMJ Books$d2009 215 $a1 online resource (676 p.) 225 1 $aEvidence-Based Medicine 300 $aDescription based upon print version of record. 311 $a1-4051-6143-4 320 $aIncludes bibliographical references and index. 327 $aGeneral issues -- Respiratory -- Cardiology -- General medical conditions -- Injury -- Genitourinary and abdominal -- Neurosciences -- ENT -- Minor procedures -- Public health. 330 $aEmergency physicians assess and manage a wide variety of problems from patients presenting with a diversity of severities, ranging from mild to severe and life-threatening. They are expected to maintain their competency and expertise in areas where there is rapid knowledge change. Evidence-based Emergency Medicine is the first book of its kind in emergency medicine to tackle the problems practicing physicians encounter in the emergency setting using an evidence-based approach. It summarizes the published evidence available for the diagnosis and treatment of common emergency health 410 0$aEvidence-Based Medicine 606 $aEmergency medicine 606 $aEvidence-based medicine 615 0$aEmergency medicine. 615 0$aEvidence-based medicine. 676 $a616.02/5 676 $a616.025 702 $aRowe$b Brian H. 702 $aLang$b Eddy S. 702 $aGaeta$b Theodore$pWeill Cornell Medical College. 702 $aGreenwald$b Peter W.$pWeill Cornell Medical College. 702 $aLappin$b Richard$pWeill Cornell Medical College. 702 $aStern$b Michael$pWeill Cornell Medical College. 801 0$bMiAaPQ 801 1$bMiAaPQ 801 2$bMiAaPQ 906 $aBOOK 912 $a9910146113103321 996 $aEvidence-based emergency medicine$92016796 997 $aUNINA LEADER 05156nam 22005173 450 001 9910720875903321 005 20230515084603.0 010 $a1-00-328166-4 010 $a1-000-64293-3 010 $a1-003-28166-4 035 $a(MiAaPQ)EBC7245324 035 $a(CKB)26631510300041 035 $a(Au-PeEL)EBL7245324 035 $a(NjHacI)9926631510300041 035 $a(EXLCZ)9926631510300041 100 $a20230515d2022 uy 0 101 0 $aeng 135 $aurcnu|||||||| 181 $ctxt$2rdacontent 182 $cc$2rdamedia 183 $acr$2rdacarrier 200 10$aPolitico-Ideological Mobilisation and Violence in the Arab World $eAll In 210 1$aMilton :$cTaylor & Francis Group,$d2022. 210 4$dİ2023. 215 $a1 online resource (286 pages) 225 1 $aRoutledge Studies in Criminal Behaviour Series 311 $a9781032251226 320 $aIncludes bibliographical references and index. 327 $aIntroduction -- PART I: Towards a grievance-based analysis -- Chapter 1: Engaging with PIV and PIM in relation to the Arab World -- Chapter 2: Bringing grievances back in -- Chapter 3: Research protocol -- PART II: Mapping grievances -- Chapter 4: Three ideal-types of grievances -- Chapter 5: Socio-economic grievances -- Chapter 6: Ethno-racial grievances -- Chapter 7: Political grievances -- Chapter 8: Grievances, a relevant object of inquiry? -- PART III: Performing grievances -- Chapter 9: Identification : Naming the injustice -- Chapter 10 : Appropriation - Owning the injustice -- Chapter 11: Responsibilisation of self and others - addressing the injustice -- PART IV: Mobilisation, violence and disengagement -- Chapter 12: The taste of radicality: Thrill-seeking and adventurism -- Chapter 13 : The logics of violence: 'Bring back the chaos' -- Chapter 14 : The importance of context: Places, people and biographic availability -- Chapter 15: Disengaging: 'You have to give him love' -- PART V: Discussion and outlook -- Chapter 16: Towards a theory of grievance-based mobilisation -- Chapter 17 : Implications for research and policymaking -- Conclusion. 330 $a"This book presents a study of politico-ideological mobilisation and violence by focusing on the life stories, trajectories and narratives of individuals who mobilised for causes and conflicts in the Arab World. It provides a greater understanding of the biographical, sociological, political and historic factors pertinent for their radicalisation processes. What makes individuals identify with suffering and injustice, often of others and elsewhere? Why do individuals feel the need to stand up in the first place and how does violent action become a justifiable or necessary course of action? Why and how do they disengage from violence? This book, based on interviews conducted in Lebanon, Switzerland, and Canada, answers these questions. It presents new theoretical insights about politico-ideological mobilisation and violence. By focusing on grievances and grounding analysis in the empirical reality as it is shared and narratively constructed by those who are at the heart of the phenomenon, it moves beyond the moralistic and politicised debates that characterise the field. Interviewees include non-violent and violent engagement for causes and conflicts related to the Arab World, such as sympathisers or members of groups and causes from a variety of ideological orientations, including Shiite militias, Salafi-jihadist groups, radical left-wing groups, Palestine-specific, Kurdish groups, and others such as right-wing or unspecified affiliations. By choosing individuals with different forms of political engagement, both non-violent and violent, and different ideological orientations, it helps readers to get a better grasp of how similar grievances may lead to different outcomes. In focusing on three markedly different geopolitical contexts, the book also provides a crosscontextual understanding of mobilisation for political and violent action. The interviewees also include experts and peripheral actors such as professionals, researchers, policymakers, friends, or family members. Their perspectives complement and enrich some of the findings by providing external yet in-depth 'expert knowledge'. Politico-ideological Mobilisation and Violence in the Arab World will be of great interest to criminologists, political scientists, sociologists, and other scholars interested in the study of terrorism, radicalisation and extremism. It will also appeal to journalists, policymakers, practitioners working in the field"--$cProvided by publisher. 410 0$aRoutledge Studies in Criminal Behaviour Series 606 $aPolitical violence 606 $aRadicalism 606 $aRadicalization 615 0$aPolitical violence. 615 0$aRadicalism. 615 0$aRadicalization. 676 $a303.60917/4927 700 $aAjil$b Ahmed$01355964 801 0$bMiAaPQ 801 1$bMiAaPQ 801 2$bMiAaPQ 906 $aBOOK 912 $a9910720875903321 996 $aPolitico-Ideological Mobilisation and Violence in the Arab World$93360115 997 $aUNINA LEADER 01530nam 2200529 450 001 9910827788203321 005 20230215130456.0 010 $a1-000-79640-X 010 $a1-00-333728-7 010 $a1-003-33728-7 010 $a1-000-79287-0 010 $a1-5231-3901-3 010 $a87-7022-003-4 035 $a(CKB)4100000006995830 035 $a(MiAaPQ)EBC5528847 035 $a(MiAaPQ)EBC30251853 035 $a(Au-PeEL)EBL30251853 035 $a(EXLCZ)994100000006995830 100 $a20230215d2018 uy 0 101 0 $aeng 135 $aurcnu|||||||| 181 $ctxt$2rdacontent 182 $cc$2rdamedia 183 $acr$2rdacarrier 200 00$aAtlas of cilia bioengineering and biocomputing /$fedited by Richard Mayne 205 $a1st ed. 210 1$aGistrup, Denmark :$cRiver Publishers,$d[2018] 210 4$dİ2018 215 $a1 online resource (218 pages) 225 0 $aRiver Publishers Series in Biomedical Engineering Series 311 $a87-7022-002-6 320 $aIncludes bibliographical references and index. 606 $aCilia and ciliary motion 606 $aBioengineering 606 $aBiomimicry 615 0$aCilia and ciliary motion. 615 0$aBioengineering. 615 0$aBiomimicry. 676 $a571.67 702 $aMayne$b Richard 801 0$bMiAaPQ 801 1$bMiAaPQ 801 2$bMiAaPQ 906 $aBOOK 912 $a9910827788203321 996 $aAtlas of cilia bioengineering and biocomputing$94026773 997 $aUNINA